Statistics for American Basketball A to Z #3

Click here to take the quiz!

General Stats

  • This quiz has been taken 30 times
  • The average score is 14 of 24

Answer Stats

ClueAnswer% Correct
WWomen's basketball leagueWNBA
88%
Q12-minute period of regulationQuarter
80%
YChinese basketball player and Rockets center most notably known for his heightYao Ming
80%
AA flashy play where a player lobs it to another player, who attempts to dunk it before he landsAlley-oop
76%
JAll-time assists and steals leader, played with Karl Malone on the JazzJohn Stockton
76%
TAmerican cable company that broadcasts the NBA and has a show starring Ernie Johnson, Shaquille O'Neal, Kenny Smith, and Charles BarkleyTNT
76%
BA player who usually stays on the sidelines and rarely gets substituted into the gameBenchwarmer
72%
CDefenders try to draw this type of foul from a driving opponentCharge
72%
EManeuver where the player picks up his dribble and takes two steps towards the basket in a non-linear fashion to evade defendersEuro step
72%
MName of the basketball that is worth two points in the NBA All-Star 3 Point ContestMoneyball
72%
N5'9'' point guard that has won the most dunk contests in NBA historyNate Robinson
68%
UTerm used when the underdogs winUpset
68%
DSteph Curry came from this collegeDavidson College
60%
IA type of foul to stop the clock and gain possession after the opponent shoots free throwsIntentional foul
52%
K"Knicks" is a shortened form of...Knickerbockers
52%
PType of defense near the three-point linePerimeter defense
52%
RPlayer with the most rings (7) without playing for the Celtics, nicknamed "Big Shot Rob"Robert Horry
52%
FTerm when a player is close to ejection due to a high number of foulsFoul trouble
44%
GA perfect release in NBA 2K, which guarantees a makeGreen
44%
HLow-percentage shot usually taken at the end of the 1st, 2nd, or 3rd quarters right before time expiresHalf-court shot
44%
OA pass from the the player who rebounds to another player, initiating a fast breakOutlet pass
40%
LMaryland basketball player who died two days after being drafted by the CelticsLen Bias
36%
VA type of player that takes a lot of shots in a gameVolume shooter
36%
SJames Harden's iconic celebrationStir the pot
24%

Score Distribution

Percentile by Number Answered

Percent of People with Each Score

Your Score History

You have not taken this quiz